Nuestro cobre

Uloženo v:
Podrobná bibliografie
Hlavní autor: Traslaviña, Hugo (autor)
Další autoři: Vera, Richard (autor), Cáceres, Leonardo (autor), Andino, Rubén (autor)
Médium: Kniha
Vydáno: Santiago, Chile: LOM Ediciones, 2004.
Edice:Nosotros los chilenos
Témata:
Tagy: Přidat tag
Žádné tagy, Buďte první, kdo vytvoří štítek k tomuto záznamu!

MARC

LEADER 00000cam a2200000 a 4500
001 UCJ8821
003 CL-VaPUC
005 20240930153207.0
008 240930t2004 ||||| |||| 00| 0 eng d
999 |c 324470  |d 324468 
020 |a 956-282-672-4 
040 |c Pontificia Universidad Católica de Valparaíso 
082 0 4 |a 338.2 TRA 2004  |2 21 
100 0 |a Traslaviña, Hugo  |e autor  |9 518138 
245 1 0 |a Nuestro cobre 
246 1 0 |a Habla el abogado y poeta Armando Uribe, Premio Nacional de Literatura 2004 
260 |a Santiago, Chile:  |b LOM Ediciones,  |c 2004. 
300 |a 93 páginas. 
490 0 |a Nosotros los chilenos   |n  7. 
500 |a c.2 Donación ELE 9-09-2024 
505 |a Interesantes fotografías a cargo de Claudio Pérez. Entre los temas que se tratan en el presente libro figuran: la batalla por aplicar un pequeño Royalty a la industria minera, la arremetida contra las políticas de desnacionalización iniciadas durante el Gobierno Militar, el proceso de nacionalización de la gran minería del cobre y, la estrecha relación entre las riquezas del suelo con la cultura popular, las creencias, la poesía y la narrativa del país. El título de la serie responde a una inciativa de la Editora Nacional Quimantú a comienzos de los '70s 
583 |a last modification  |c 20131028 05:03:41  |k Rodrigo Vera 
600 0 7 |a URIBE, ARMANDO  |2 CL-VaPUC  |9 364 
600 0 |a Lavandero, Jorge   |d 1930-  |9 518143 
600 0 7 |a EXXON  |2 CL-VaPUC  |9 518144 
600 0 7 |a CODELCO CHILE  |2 CL-VaPUC  |9 375599 
600 0 7 |a Novoa Monreal, Eduardo,  |d 1916-2006  |9 876370 
600 0 7 |a CONVENIO DE WASHINGTON  |2 CL-VaPUC  |9 518146 
600 0 |a Frei Montalva, Eduardo  |9 255811 
600 0 7 |a SEWELL  |2 CL-VaPUC  |9 518147 
650 0 |a Desarrollo económico  |9 259599 
650 0 |a Minería  |9 326008 
650 7 |a ROYALTY  |2 CL-VaPUC  |9 518148 
650 7 |a EMPRESAS MINERAS  |2 CL-VaPUC  |9 486729 
650 7 |a NACIONALIZACION DEL COBRE  |2 CL-VaPUC  |9 260457 
650 0 |a Análisis estadístico  |9 269506 
651 7 |a CHILE  |2 CL-VaPUC  |9 518149 
651 7 |a CHAÑARCILLO  |2 CL-VaPUC  |9 346083 
700 0 |a Vera, Richard  |e autor  |9 518139 
700 0 |a Cáceres, Leonardo  |e autor  |9 518140 
700 0 |a Andino, Rubén  |e autor  |9 518141 
942 |c BK  |2 ddc 
945 |d 20070124 00:00:00  |a fvergara 
952 |0 0  |1 0  |4 0  |6 338_200000000000000_TRA_2004  |7 0  |8 X  |9 404671  |a FDOBUD  |b FDOBUD  |d 2019-11-22  |i 1084372  |o 338.2 TRA 2004  |p 1084372  |r 2019-11-22  |w 2019-11-22  |y BK_X  |k BUD 
952 |0 0  |1 0  |4 0  |6 338_200000000000000_TRA_2004  |7 0  |8 X  |9 404672  |a FDOBUD  |b FDOBUD  |d 2019-11-22  |i 4598725  |o 338.2 TRA 2004  |p 4598725  |r 2019-11-22  |w 2019-11-22  |y BK_X  |k BUD 
952 |0 0  |1 0  |3 erb  |4 0  |6 338_200000000000000_TRA_2004  |7 0  |8 A  |9 404673  |a BIBING  |b BIBING  |i 5026245  |o 338.2 TRA 2004  |p 5026245  |r 2025-01-20  |w 2019-11-22  |y BK  |z Catalogado en:20131220  |k GEO 
952 |0 0  |1 0  |2 ddc  |4 0  |6 338_200000000000000_TRA_2004  |7 0  |8 A  |9 597076  |a BIBGIM  |b BIBGIM  |d 2024-09-30  |e Donación  |i 5662893  |o 338.2 TRA 2004  |p 5662893  |r 2025-01-15  |t 2  |w 2024-09-30  |y BK  |k ELE